| 000 | 00667nam a22002177a 4500 | ||
|---|---|---|---|
| 001 | 6114 | ||
| 003 | FISKH | ||
| 005 | 20250314162855.0 | ||
| 008 | 250314b cb ||||| |||| 00| 0 eng d | ||
| 040 |
_aFISKH _bKhmer _cFISKH _dFISKH |
||
| 050 | _aPZ7 | ||
| 082 | _a800 | ||
| 100 | _aChap , Chey | ||
| 245 |
_aកំរងពាក្យបណ្តៅខ្មែរ / _cជ័យ ចាប |
||
| 260 |
_aPhnom Penh : _bMinistry of education, youth and sport; _c1995. |
||
| 300 |
_a71 pages: _billustrations ; _c20 cm . |
||
| 650 | _aកំរងពាក្យបណ្តៅខ្មែរ | ||
| 650 | _aKhmer Proverb | ||
| 942 |
_2ddc _cBK _n0 |
||
| 999 |
_c6114 _d6114 |
||